000 02050nam a2200493 i 4500
999 _c2736
_d2736
001 022317463
003 UkOxU
005 20230818102524.0
006 m || | |
007 co |||||||||||
008 200317m20142017enka b 001|0 eng d
015 _aGBC046381
_2bnb
016 7 _a019757054
_2Uk
020 _a9780198392880
035 _a(Uk)019757054
035 _a(StEdALDL)1/3948755
040 _aStDuBDS
_beng
_erda
_cStDuBDS
_dUkOxU
_dKH8
049 _aCROBAR
082 0 4 _a428.240 AKH
100 1 _aAkhurst, Chris,
_eauthor.
245 1 0 _aComplete English as a second language for Cambridge IGCSE /
_cChris Akhurst, Lucy Bowley, Brian Dyer, Dean Roberts.
264 1 _aOxford :
_bOxford University Press,
_c2014-2017.
264 4 _c©2014-©2017
300 _a2 volumes :
_billustrations (chiefly colour) ;
_c30 cm + 2 CD-ROM's
336 _atext
_2rdacontent
336 _astill image
_2rdacontent
336 _acomputer program
_2rdacontent
337 _aunmediated
_2rdamedia
337 _acomputer
_2rdamedia
338 _avolume
_2rdacarrier
338 _acomputer disc
_2rdacarrier
347 _aprogram file
_2rda
490 1 _aOxford excellence for Cambridge IGCSE
500 _aCDs in clear plastic wallets one attached to the inside back cover of each book.
500 _aCDs include audio files and transcripts in Word or PDF form, with interactive activities, a grammar appendix, a glossary of key vocabulary and links to online resources.
504 _aIncludes bibliographical references and index.
505 0 _aComplete English as a second language for Cambridge IGCSE / Chris Akhurst, Lucy Bowley, Brian Dyer, Dean Roberts -- Exam success in English as a second language for Cambridge IGCSE / Brian Dyer, Dean Roberts.
650 0 _aEnglish language
_vTextbooks for foreign speakers.
700 1 _aRoberts, Dean
_c(English teacher),
_eauthor.
700 1 _aBowley, Lucy,
_eauthor.
700 1 _aDyer, Brian,
_eauthor.
830 0 _aOxford excellence for Cambridge IGCSE.
942 _2ddc
_cTR